00310pab a2200121 454500008004000000100001900040245004600059260000900105300001300114362001100127650001600138773003400154180718b2015 xxu||||| |||| 00| 0 eng d aVerma, Santosh aSubverting the Land Acquisition Act, 2013 c2015 ap.18-20. a12 Sep aLand tenure aEconomic and Political Weekly